Visualizzazione normale
Vista MARC
- Battaglia, Oscar,
di Personal Name
Records bibliografici associati: 1
001 - CONTROL NUMBER
- control field: 35815
003 - CONTROL NUMBER IDENTIFIER
- control field: IT-RoPau
005 - DATE AND TIME OF LATEST TRANSACTION
- control field: 20150817124606.0
008 - FIXED-LENGTH DATA ELEMENTS
- fixed length control field: 150817|| aca||aabn | a|a d
040 ## - CATALOGING SOURCE
- Original cataloging agency: IT-RoPau
- Transcribing agency: IT-RoPau
100 ## - HEADING--PERSONAL NAME
- Personal name: Battaglia, Oscar,
- Dates associated with a name: 1930-
670 ## - SOURCE DATA FOUND
- Source citation: Work cat.: (IT-RoPau)0: Battaglia, Oscar, 1930-, Le parabole escatologiche :, 2007.